Практический менеджмент: учебное пособие для вузов

Bibliographic Details
Other Authors: Коротков Э. М. (редактор)
Summary:Рассмотрен широкий круг вопросов, касающихся управления современными предприятиями: в том числе организация управленческого труда, целеполагание и планирование, мотивация труда, контроль, принятие управленческих решений, управление индивидуумами, группами работников и формирование команд, источники власти в управлении предприятиями, лидерство, коммуникации и коммуникативные навыки, организационные изменения и развитие, этика менеджмента. Модульное построение учебного пособия позволяет сочетать теоретическое изучение вопросов управления предприятиями с решением практических задач. Каждый модуль содержит теоретическую часть, в которой излагаются основные понятия и современные взгляды на проблемы управления, и практическую часть (на CD-R), включающую в себя карту памяти по теме, упражнения для занятий в аудитории и упражнения для самостоятельной работы, итоговый тест по теме, глоссарий, список рекомендуемой литературы и интернет-сайтов. Учебное пособие предназначено для студентов, слушателей системы повышения квалификации, преподавателей, аспирантов и широкого круга читателей, интересующихся вопросами практического управления предприятиями.
Language:Russian
Published: Москва, Инфра-М, 2010
Series:Высшее образование
Subjects:
Format: Unknown
KOHA link:https://koha.lib.tpu.ru/cgi-bin/koha/opac-detail.pl?biblionumber=180764

MARC

LEADER 00000nmm0a2200000 4500
001 180764
005 20231101223554.0
010 |a 9785160038285 
035 |a (RuTPU)RU\TPU\book\195964 
090 |a 180764 
100 |a 20100526d2010 m y0rusy50 ca 
101 0 |a rus 
102 |a RU 
105 |a a j 001zy 
200 1 |a Практический менеджмент  |e учебное пособие для вузов  |f под ред. Э. М. Короткова 
210 |a Москва  |c Инфра-М  |d 2010 
215 |a 330 с.  |c ил.  |e CD-ROM 
225 1 |a Высшее образование 
320 |a Библиография в конце тем. 
330 |a Рассмотрен широкий круг вопросов, касающихся управления современными предприятиями: в том числе организация управленческого труда, целеполагание и планирование, мотивация труда, контроль, принятие управленческих решений, управление индивидуумами, группами работников и формирование команд, источники власти в управлении предприятиями, лидерство, коммуникации и коммуникативные навыки, организационные изменения и развитие, этика менеджмента. Модульное построение учебного пособия позволяет сочетать теоретическое изучение вопросов управления предприятиями с решением практических задач. Каждый модуль содержит теоретическую часть, в которой излагаются основные понятия и современные взгляды на проблемы управления, и практическую часть (на CD-R), включающую в себя карту памяти по теме, упражнения для занятий в аудитории и упражнения для самостоятельной работы, итоговый тест по теме, глоссарий, список рекомендуемой литературы и интернет-сайтов. Учебное пособие предназначено для студентов, слушателей системы повышения квалификации, преподавателей, аспирантов и широкого круга читателей, интересующихся вопросами практического управления предприятиями. 
606 1 |a Менеджмент  |2 stltpush  |3 (RuTPU)RU\TPU\subj\42098  |9 61850 
610 1 |a экономика 
610 1 |a управленческая деятельность 
610 1 |a менеджеры 
610 1 |a руководители 
610 1 |a организационное планирование 
610 1 |a организационное поведение 
610 1 |a организационное проектирование 
610 1 |a цели 
610 1 |a Миссия 
610 1 |a планы 
610 1 |a мотивационный менеджмент 
610 1 |a контроль 
610 1 |a управленческие решения 
610 1 |a персональный менеджмент 
610 1 |a коммуникативный менеджмент 
610 1 |a организационные изменения 
610 1 |a социальная ответственность 
610 1 |a деловая этика 
610 1 |a учебные пособия 
610 1 |a CD-ROM 
686 |a У9(2)212я73  |v LBC/SL-A  |2 rubbk 
702 1 |a Коротков  |b Э. М.  |4 340 
801 1 |a RU  |b 63413507  |c 20100526 
801 2 |a RU  |b 63413507  |c 20160108  |g RCR 
900 |a Практический менеджмент 
900 |a Организационное проектирование 
942 |c MX 
959 |a 33/20100524  |d 2  |e 289,90  |f АНЛ:1  |f ЧЗГЛ:1